| 000 | 00544nam a2200181Ia 4500 | ||
|---|---|---|---|
| 008 | 100917s9999 xx 000 0 und d | ||
| 082 | _b52801 | ||
| 100 | _aगांगल सुमन | ||
| 245 | _aरूप पाहता लोचनी | ||
| 260 |
_bरविंद्र पेठे _c1982 |
||
| 300 | _a168 | ||
| 365 | _b25 | ||
| 520 | _aकादंबरी | ||
| 630 | _aरूप पाहता लोचनी | ||
| 650 | _aकादंबरी | ||
| 730 | _aरूप पाहता लोचनी | ||
| 942 | _cBOOK | ||
| 999 |
_c658195 _d658192 |
||